000 00626cam a2200229ua 4500
001 5342
008 120821n ii |||gr||||Z||||||asm
040 _cMAIN
082 _a371.3
100 _aSonowal, Puranjoy,
_eAuthor.
245 1 1 _aSikshadanor padhati aru kaushal
_cby Puranjoy Sonowal
250 _a1st.
260 _aGolaghat:
_bSaraswati prakashan,
_c2010.
300 _a510p.
653 _aEducation
653 _aMethod of teaching
653 _aTechniques of teaching
653 _aSikshadanor padhati aru kaushal
700 _aGoswami, Lukumoni,
_eAuthor.
700 _aNeog, Mukunda,
_eAuthor.
942 _cBK
999 _c4523
_d4523